DARK Netflix Quiz - Statistiken

Allgemein
  • Dieses Quiz wurde 107 mal gespielt
  • Das Durchschnittsergebnis liegt bei 9 aus 16
Antwortstatistiken
Frage Antwort % Korrekt
In welcher fiktiven deutschen Kleinstadt spielt die Serie? Winden
93%
Welchen Beruf hat Noah? Pfarrer
81%
Wer bringt Mikkel durch die Höhle nach 1986? Jonas
77%
Was geschieht am 27.06.2020? Apokalypse
75%
Was suchen Martha, Jonas, Bartosz, Magnus und Mikkel am Anfang der Serie im Wald? Drogen
69%
Wie heißt das Buch, das H.G. Tannhaus schreibt? Eine Reise durch die Zeit
62%
Wer ist Noahs Vater? Bartosz
57%
Welches Pseudonym trägt Claudia Tiedemann? Der weiße Teufel
57%
Wer ist der Leiter des Atomkraftwerks in 1953? Bernd Doppler
56%
Mit wem hat Tronte Nielsen in 1986 eine Affäre? Claudia Tiedemann
55%
Wie heißt Claudia Tiedemanns Hund? Gretchen
49%
Wie heißt die Tochter von Hannah Kahnwald? Silja
43%
Wie heißt die Prostituierte, die auf dem Parkplatz im Wohnwagen lebt? Bernadette
23%
Wie heißt Evas Geheimorganisation, das Gegenstück zuSic Mundus Creatus Est? Erit Lux
20%
Wie heißt das Symbol der Dreifaltigkeit? Triqueta
18%
Wie heißt der Schutzpatron der Reisenden, von welchem unter anderemMarta und Helene Albers einen Anhänger besitzen? Der heilige Christophorus
15%
Keine übereinstimmenden Quizze gefunden
Verteilung der Resultate
Anzahl Personen mit jedem Resultat
Perzentil nach korrekt beantworteten Fragen
Ihre Resultats-Entwicklung
Sie haben dieses Quiz noch nicht gespielt